00630nam a2200169 a 450000100100000000500170001000800410002704000250006808200220009310000360011524501120015125000110026326000430027430000200031750000430033771000800038000003167920200930063110.0110630s1988 dr 000 0 spa d aDO-SdBNPbspacBNPHU axxxxbA445a, 19881 aAlmánzar G., José Nicolás10aAnálisis, interpretación y aplicación de los estatutos del P.R.S.C. /cJosé Nicolás Almánzar G. a2a ed. aSanto Domingo :bEdiciones IFP,c1988. a55 p. ;c21 cm. aFolleto para la formación política2 aInstituto de Formación Política del Partido Reformista Social Cristiano